Les buteurs en Finale de Ligue des champions depuis 2005 - Statistiques

Statistiques générales
  • Ce quiz a été pris 134 fois
  • Le résultat moyen est 8 sur 19
Statistiques - réponses
Année Buteur(s) % Correct
2009 FC Barcelone - Manchester United Samuel Eto'oLionel Messi
84%
2018 Real Madrid - Liverpool Sadio ManéKarim Benzema Gareth Bale
77%
2020 FC Bayern Munich - Paris Saint Germain Kingsley Coman
75%
2023 Manchester City - Inter Milan Rodri
74%
2022 Real Madrid - Liverpool Vinicius Junior
66%
2021 Chelsea - Manchester City Kai Havertz
60%
2015 FC Barcelone - Juventus Ivan RakiticAlvaro Morata Luis Suarez Neymar
52%
2012 Chelsea - FC Bayern Munich Thomas MullerDidier Drogba
49%
2013 FC Bayern Munich - Borussia Dortmund Ilkay GundoganMario Mandzukic Arjen Robben
43%
2019 Liverpool - Tottenham Mohamed SalahDivock Origi
39%
2011 FC Barcelone - Manchester United PedroDavid Villa Lionel Messi Wayne Rooney
32%
2010 Inter Milan - FC Bayern Munich Diego Milito
29%
2017 Real Madrid - Juventus Mario MandzukicMarcelo Cristiano Ronaldo Marco Asensio
19%
2008 Manchester United - Chelsea Cristiano Ronaldo Frank Lampard
17%
2014 Real Madrid - Atletico Madrid Sergio RamosGareth Bale Marcelo Cristiano Ronaldo Diego Godin
16%
2016 Real Madrid - Atletico Madrid Sergio RamosYanick Carrasco
16%
2005 Liverpool - AC Milan Hernan CrespoPaolo Maldini Xabi Alonso Steven Gerrard Vladimir Smicer
13%
2006 FC Barcelone - Arsenal Samuel Eto'oJuliano Belletti Sol Campbell
11%
2007 AC Milan - Liverpool Filippo InzaghiDirk Kuyt
8%
Aucun quiz correspondant
Distribution des résultats
% des personnes avec chaque résultat
Percentile par nombre de réponses
Votre historique - résultats
Vous n’avez pas pris ce quiz